| 000 | 00342nam a22001457a 4500 | ||
|---|---|---|---|
| 003 | SGT | ||
| 020 | _a978-0-500-29414-7 | ||
| 082 |
_a746.92 _bBAU |
||
| 100 | _aBAUGH, GAIL | ||
| 245 | _aTHE FASHION DESIGNER'S TEXTILE DIRECTORY | ||
| 260 |
_aU.K. _bTHAMES & HUDSON _c2022 |
||
| 300 | _a319 | ||
| 650 | _aTEXTILE DIRECTORY | ||
| 942 |
_2ddc _cBK |
||
| 999 |
_c25816 _d25816 |
||